El cuento inglés (Record no. 20876)

MARC details
000 -LEADER
campo de control de longitud fija 00973nmc a2200313 a 4500
003 - IDENTIFICADOR DE NÚMERO DE CONTROL
campo de control AR-BaBNM
005 - FECHA Y HORA DE LA ÚLTIMA TRANSACCIÓN
campo de control 20251128211730.0
008 - DATOS DE LONGITUD FIJA--INFORMACIÓN GENERAL
campo de control de longitud fija 236020s1977 ||||||||||||||000 | spa||
040 ## - FUENTE DE CATALOGACIÓN
Centro/agencia transcriptor AR-BaBNM
245 10 - MENCIÓN DEL TÍTULO
Título El cuento inglés
260 ## - PUBLICACIÓN, DISTRIBUCIÓN, ETC.
Lugar de publicación, distribución, etc. Buenos Aires
Nombre del editor, distribuidor, etc. Centro Editor de América Latina
Fecha de publicación, distribución, etc. 1977
300 0# - DESCRIPCIÓN FÍSICA
Extensión 203 p.
490 #0 - MENCIÓN DE SERIE
Mención de serie Biblioteca total. Panoramas de la literatura
Designación de volumen o secuencia v. 27
505 ## - NOTA DE CONTENIDO CON FORMATO
Título Cuento del capellán de monjas
Mención de responsabilidad Chaucer, Geoffrey
505 ## - NOTA DE CONTENIDO CON FORMATO
Título El señalero
Mención de responsabilidad Dickens, Charles
505 ## - NOTA DE CONTENIDO CON FORMATO
Título El fantasma de Canterville
Mención de responsabilidad Wilde, Oscar
505 ## - NOTA DE CONTENIDO CON FORMATO
Título La ventana abierta
Mención de responsabilidad Saki
505 ## - NOTA DE CONTENIDO CON FORMATO
Título Los idiotas
Mención de responsabilidad Conrad, Joseph
505 ## - NOTA DE CONTENIDO CON FORMATO
Título El rey de Kafiristán
Mención de responsabilidad Kipling, Rudyard
505 ## - NOTA DE CONTENIDO CON FORMATO
Título Felicidad
Mención de responsabilidad Mansfield, Katherine
505 ## - NOTA DE CONTENIDO CON FORMATO
Título El gong
Mención de responsabilidad Powys, T.F.
650 #4 - PUNTO DE ACCESO ADICIONAL DE MATERIA--TÉRMINO DE MATERIA
Término de materia o nombre geográfico como elemento de entrada LITERATURA INGLESA
650 #4 - PUNTO DE ACCESO ADICIONAL DE MATERIA--TÉRMINO DE MATERIA
Término de materia o nombre geográfico como elemento de entrada ANTOLOGIAS
650 #4 - PUNTO DE ACCESO ADICIONAL DE MATERIA--TÉRMINO DE MATERIA
Término de materia o nombre geográfico como elemento de entrada CUENTOS
655 ## - TERMINO DE INDIZACIÓN--GENERO/FORMA
Datos o término principal de género/forma LITERATURA
700 1# - ENTRADA AGREGADA--NOMBRE PERSONAL
Nombre de persona Erhart, Virginia
Término indicativo de función/relación compilador
942 ## - ELEMENTOS DE ENTRADA SECUNDARIOS (KOHA)
Tipo de ítem Koha Libros
998 ## - INFORMACIÓN DE CONTROL LOCAL (RLIN)
Iniciales del catalogador, CIN (RLIN) martin
Holdings
Estatus retirado Estado de pérdida Fuente de la clasificación o esquema de estantería Estado de daño Restricciones de uso No para préstamo Biblioteca de origen Biblioteca actual Fecha de adquisición Total de préstamos Signatura topográfica completa Código de barras Visto por última vez Precio de reemplazo Tipo de ítem Koha
    Clasificación Decimal Dewey   Acceso restringido No para préstamo Liberty Liberty 28/11/2025   820 ERH 139059 28/11/2025 28/11/2025 Libros